| 000 | 00613nam a2200181Ia 4500 | ||
|---|---|---|---|
| 003 | IN-BaIIA | ||
| 008 | 211028s9999 xx 000 0 eng d | ||
| 040 | _cIIA Library | ||
| 080 |
_a550.34 _bMAS |
||
| 100 |
_aMaso, Miguel Saderra _9487 |
||
| 245 | 0 |
_aLa seismologia en Filipinas _bdatos para el estudio de terremotos del archipielago Filipino _cMiguel Saderra Maso |
|
| 260 |
_aManila _bEstab. tip.-litog. de Ramirez y compania _c1895 |
||
| 300 | _a122p. | ||
| 490 | _aBulletin of the national research council; no.90 | ||
| 650 | _aAstronomy and Astrophysics Thesaurus | ||
| 650 |
_aSeismology _9488 |
||
| 942 | _cBK | ||
| 999 |
_c259 _d259 |
||